<?xml version="1.0" encoding="UTF-8"?>
<record
    xmlns:xsi="http://www.w3.org/2001/XMLSchema-instance"
    xsi:schemaLocation="http://www.loc.gov/MARC21/slim http://www.loc.gov/standards/marcxml/schema/MARC21slim.xsd"
    xmlns="http://www.loc.gov/MARC21/slim">

  <leader>00967cam a2200265 i 4500</leader>
  <controlfield tag="003">SA-RiAUC</controlfield>
  <controlfield tag="005">20260215123443.0</controlfield>
  <controlfield tag="008">260210s1951    su     g      000 0 ara c</controlfield>
  <datafield tag="024" ind1="0" ind2=" ">
    <subfield code="a">31000001357018</subfield>
  </datafield>
  <datafield tag="040" ind1=" " ind2=" ">
    <subfield code="a">SA-RiKSU</subfield>
    <subfield code="b">ara</subfield>
    <subfield code="c">SA-RiAUC</subfield>
    <subfield code="e">rda</subfield>
  </datafield>
  <datafield tag="050" ind1=" " ind2="4">
    <subfield code="b">.A33 1951</subfield>
  </datafield>
  <datafield tag="082" ind1="0" ind2="4">
    <subfield code="a">253 </subfield>
  </datafield>
  <datafield tag="090" ind1=" " ind2=" ">
    <subfield code="a">&#x645; &#x646; 253 </subfield>
    <subfield code="b">&#x627; &#x641; &#x646;</subfield>
  </datafield>
  <datafield tag="100" ind1="1" ind2=" ">
    <subfield code="a">&#x623;&#x641;&#x646;&#x62F;&#x64A;&#x60C; &#x639;&#x628;&#x62F; &#x627;&#x644;&#x642;&#x627;&#x62F;&#x631; &#x628;&#x646; &#x623;&#x628;&#x648; &#x628;&#x643;&#x631;</subfield>
    <subfield code="e">&#x645;&#x624;&#x644;&#x641;.</subfield>
  </datafield>
  <datafield tag="245" ind1="1" ind2="0">
    <subfield code="a">&#x645;&#x62C;&#x645;&#x648;&#x639;&#x629; &#x623;&#x62D;&#x643;&#x627;&#x645; /</subfield>
    <subfield code="c">&#x639;&#x628;&#x62F; &#x627;&#x644;&#x642;&#x627;&#x62F;&#x631; &#x628;&#x646; &#x623;&#x628;&#x64A; &#x628;&#x643;&#x631; &#x623;&#x641;&#x646;&#x62F;&#x64A;.</subfield>
  </datafield>
  <datafield tag="264" ind1=" " ind2="1">
    <subfield code="a">&#x627;&#x644;&#x645;&#x62F;&#x64A;&#x646;&#x629; &#x627;&#x644;&#x645;&#x646;&#x648;&#x631;&#x629; :</subfield>
    <subfield code="b">[&#x627;&#x644;&#x646;&#x627;&#x634;&#x631; &#x63A;&#x64A;&#x631; &#x645;&#x62D;&#x62F;&#x62F;]&#x60C;</subfield>
    <subfield code="c">[1951]</subfield>
  </datafield>
  <datafield tag="300" ind1=" " ind2=" ">
    <subfield code="a">28 &#x635;&#x641;&#x62D;&#x629; &#x61B;</subfield>
    <subfield code="c">24 &#x633;&#x645;</subfield>
  </datafield>
  <datafield tag="336" ind1=" " ind2=" ">
    <subfield code="a">&#x646;&#x635;</subfield>
    <subfield code="b">txt</subfield>
    <subfield code="2">rdacontent</subfield>
    <subfield code="3">&#x643;&#x62A;&#x627;&#x628;</subfield>
  </datafield>
  <datafield tag="337" ind1=" " ind2=" ">
    <subfield code="a">&#x628;&#x62F;&#x648;&#x646; &#x648;&#x633;&#x64A;&#x637;</subfield>
    <subfield code="b">n</subfield>
    <subfield code="2">rdamedia</subfield>
  </datafield>
  <datafield tag="338" ind1=" " ind2=" ">
    <subfield code="a">&#x645;&#x62C;&#x644;&#x62F;</subfield>
    <subfield code="b">nc</subfield>
    <subfield code="2">rdacarrier</subfield>
  </datafield>
  <datafield tag="650" ind1=" " ind2="7">
    <subfield code="a">&#x627;&#x644;&#x623;&#x62D;&#x643;&#x627;&#x645; &#x627;&#x644;&#x634;&#x631;&#x639;&#x64A;&#x629;</subfield>
    <subfield code="2">aucsh</subfield>
  </datafield>
  <datafield tag="650" ind1=" " ind2="7">
    <subfield code="a">&#x623;&#x635;&#x648;&#x644; &#x627;&#x644;&#x641;&#x642;&#x647; &#x627;&#x644;&#x625;&#x633;&#x644;&#x627;&#x645;&#x64A;</subfield>
    <subfield code="2">aucsh</subfield>
  </datafield>
  <datafield tag="942" ind1=" " ind2=" ">
    <subfield code="2">ddc</subfield>
    <subfield code="c">RBOOK COPY</subfield>
    <subfield code="n">0</subfield>
  </datafield>
  <datafield tag="949" ind1=" " ind2=" ">
    <subfield code="a">SA-JeALM</subfield>
    <subfield code="d">260210</subfield>
    <subfield code="u">mohamedma123</subfield>
    <subfield code="n">1</subfield>
  </datafield>
  <datafield tag="952" ind1=" " ind2=" ">
    <subfield code="0">0</subfield>
    <subfield code="1">0</subfield>
    <subfield code="2">ddc</subfield>
    <subfield code="4">0</subfield>
    <subfield code="7">0</subfield>
    <subfield code="a">WAHAB</subfield>
    <subfield code="b">WAHAB</subfield>
    <subfield code="d">2026-02-15</subfield>
    <subfield code="l">0</subfield>
    <subfield code="o">&#x645; &#x646; 253 &#x627; &#x641; &#x646;</subfield>
    <subfield code="p">000022739</subfield>
    <subfield code="r">2026-02-15 12:35:11</subfield>
    <subfield code="w">2026-02-15</subfield>
    <subfield code="y">RBOOK COPY</subfield>
  </datafield>
  <datafield tag="952" ind1=" " ind2=" ">
    <subfield code="0">0</subfield>
    <subfield code="1">0</subfield>
    <subfield code="2">ddc</subfield>
    <subfield code="4">0</subfield>
    <subfield code="7">0</subfield>
    <subfield code="a">WAHAB</subfield>
    <subfield code="b">WAHAB</subfield>
    <subfield code="d">2026-03-07</subfield>
    <subfield code="l">0</subfield>
    <subfield code="o">&#x645; &#x646; 253 &#x627; &#x641; &#x646;</subfield>
    <subfield code="p">000023007</subfield>
    <subfield code="r">2026-03-07 13:48:52</subfield>
    <subfield code="w">2026-03-07</subfield>
    <subfield code="y">RBOOK COPY</subfield>
  </datafield>
  <datafield tag="999" ind1=" " ind2=" ">
    <subfield code="c">14327</subfield>
    <subfield code="d">14327</subfield>
  </datafield>
</record>
